Optimización del proceso de secado solar de leña para su uso como biocombustible / (Registro nro. 2484)

Detalles MARC
000 -LEADER
campo de control de longitud fija 02197nam a22003617a 4500
001 - NÚMERO DE CONTROL
campo de control 42835
003 - IDENTIFICADOR DE NÚMERO DE CONTROL
campo de control gtgccic
005 - FECHA Y HORA DE LA ÚLTIMA TRANSACCIÓN
campo de control 20251105105102.0
007 - CAMPO FIJO DE DESCRIPCIÓN FÍSICA--INFORMACIÓN GENERAL
campo de control de longitud fija ta
008 - DATOS DE LONGITUD FIJA--INFORMACIÓN GENERAL
campo de control de longitud fija 251105b gt ||||| |||| 00| 0 spa d
040 ## - FUENTE DE CATALOGACIÓN
Centro catalogador/agencia de origen gtgccic
Lengua de catalogación spa
Centro/agencia transcriptor gtgccic
Normas de descripción rda
084 ## - OTRO NÚMERO DE CLASIFICACIÓN
Número de control del registro de autoridad o número normalizado TPI-16-0097
100 10 - ENTRADA PRINCIPAL--NOMBRE DE PERSONA
Nombre de persona Carlos Alejandro Alegre Ordóñez
Fechas asociadas al nombre Ingeniero Civil
Término indicativo de función/relación autor
245 10 - MENCIÓN DEL TÍTULO
Título Optimización del proceso de secado solar de leña para su uso como biocombustible /
Mención de responsabilidad, etc. Alegre Ordóñez, Carlos Alejandro
264 #1 - PRODUCCIÓN, PUBLICACIÓN, DISTRIBUCIÓN, FABRICACIÓN Y COPYRIGHT
Producción, publicación, distribución, fabricación y copyright Guatemala, Guatemala :
Nombre del de productor, editor, distribuidor, fabricante USAC, Facultad de Ingeniería ;
Fecha de producción, publicación, distribución, fabricación o copyright 2016.-
300 ## - DESCRIPCIÓN FÍSICA
Extensión xxxiv, 96 pag. :
Otras características físicas il. ;
Dimensiones 27 cm
336 ## - TIPO DE CONTENIDO
Fuente rdacontenido
Término de tipo de contenido Texto
Código de tipo de contenido txt
337 ## - TIPO DE MEDIO
Fuente rdamedio
Nombre/término del tipo de medio sin mediación
Código del tipo de medio n
338 ## - TIPO DE SOPORTE
Fuente rdasoporte
Nombre/término del tipo de soporte volumen
Código del tipo de soporte nc
502 ## - NOTA DE TESIS
Nota de tesis Tesis Postgrado
Tipo de título MAESTRO EN ENERGÍA Y AMBIENTE
Nombre de la institución que otorga el título USAC, Facultad de Ingeniería, Escuela de Postgrado
Año de obtención del título 2016
Identificador de la tesis TPI-16-0097
504 ## - NOTA DE BIBLIOGRAFÍA, ETC.
Nota de bibliografía, etc. Nota Bibliografía pag. 69
505 ## - NOTA DE CONTENIDO CON FORMATO
Título 1. MARCO TEÓRICO (calor y temperatura)
505 ## - NOTA DE CONTENIDO CON FORMATO
Título 2. FASE EXPERIMENTAL (secado de leña)
505 ## - NOTA DE CONTENIDO CON FORMATO
Título 3. PRESENTACIÓN DE RESULTADOS
505 ## - NOTA DE CONTENIDO CON FORMATO
Título 4. DISCUSIÓN DE RESULTADOS OBTENIDOS
505 ## - NOTA DE CONTENIDO CON FORMATO
Título 5. PRESUPUESTO Y EVALUACIÓN FINANCIERA
520 #3 - RESUMEN, ETC.
Sumario, etc. El proceso de secado consiste en la reducción del contenido de humedad de un material, debido a una transferencia de calor entre sus partículas con las del ambiente que le rodea. En Guatemala, el combustible de mayor uso es la leña. Su explotación inmoderada constribuye a la deforestación en el país. La leña al ser incinerada emana una serie de gases, algunos de ellos perjudiciales a la salud. Al no tener un óptimo secado, gran cantidad de estos gases lo constituye el vapor de agua.<br/>El uso de energía solar térmica es cotidiano para el hombre: sentir calor, secar ropa, secar granos, secar madera, entre otros. Su explotación puede contribuir en apaortar energía de manera más eficiente a un proceso específico, además de poder convertir esta energía calórica en otro tipo, como la eléctrica.
650 ## - PUNTO DE ACCESO ADICIONAL DE MATERIA--TÉRMINO DE MATERIA
Término de materia o nombre geográfico como elemento de entrada COMBUSTIBLES DIRIVADOS DE LA MADERA
650 ## - PUNTO DE ACCESO ADICIONAL DE MATERIA--TÉRMINO DE MATERIA
Término de materia o nombre geográfico como elemento de entrada SISTEMA SOLAR
700 ## - ENTRADA AGREGADA--NOMBRE PERSONAL
Nombre de persona M.A. Ing. José Antonio rosal Chicas
Término indicativo de función/relación asesor
942 ## - ELEMENTOS DE ENTRADA SECUNDARIOS (KOHA)
Fuente de la clasificación o esquema de estantería Clasificación Decimal Dewey
Tipo de ítem Koha TESISPOSTGRADO
945 ## - PROCESAMIENTO DE INFORMACIÓN LOCAL (OCLC)
a amlo
Existencias
Estatus retirado Estado de pérdida Fuente de la clasificación o esquema de estantería Estado de daño No para préstamo Biblioteca de origen Biblioteca actual Fecha de adquisición Número de inventario Total de préstamos Signatura topográfica completa Código de barras Visto por última vez Precio de reemplazo Tipo de ítem Koha Nota pública
    Clasificación Decimal Dewey     CENTRO DE INFORMACIÓN A LA CONSTRUCCIÓN-CICON CENTRO DE INFORMACIÓN A LA CONSTRUCCIÓN-CICON 05/11/2025 P20160097   TPI-16-0097 20160097 05/11/2025 05/11/2025 TESISPOSTGRADO disponible